00742nam a2200193 a 450000100100000000500170001000800410002702000150006804000250008310000310010824000400013924500860017926000710026530000230033650000340035970000330039395201050042699900170053100003808820201002031155.0130313s1967 ck 000 0 spa d a157554377X aDO-SdBNPbspacBNPHU1 aWhite, Elena G., de95294510aMensages to young peoplelEspañol10aMensajes para los jóvenes /cElena G. De White ; traducción Staff de la ACES. aMiami, Florida :bAsociación Publicadora Interamericana ,c1967. a272 p. : ;cil. ;. aTraducido del idioma inglés1 aStaff de la ACESetr.964477 001050718MOaGRbGRcHDd2013-03-13iLF1l0o p38088-10r2020-06-25w2020-06-25y1ZNo se presta c37578d37578